Relatos para la educación en el bicentenario
Guardat en:
| Format: | Llibre |
|---|---|
| Idioma: | espanyol |
| Publicat: |
Santiago
Pontificia Universidad Católica de Chile
2011
|
| Edició: | 1a. ed |
| Matèries: | |
| Etiquetes: |
Afegir etiqueta
Sense etiquetes, Sigues el primer a etiquetar aquest registre!
|
MARC
| LEADER | 00000cam a2200000 a 4500 | ||
|---|---|---|---|
| 001 | UCG8797 | ||
| 003 | CL-VaPUC | ||
| 005 | 20220315074421.0 | ||
| 008 | 111229e20110800cl 1 spa d | ||
| 082 | 0 | 4 | |a 370.196 |b REL |2 21 |
| 245 | 1 | 0 | |a Relatos para la educación en el bicentenario |
| 250 | |a 1a. ed | ||
| 260 | |a Santiago |b Pontificia Universidad Católica de Chile |c 2011 | ||
| 300 | |a 188 p | ||
| 583 | |a last modification |c 20190908 08:03:08 |k Rodrigo Vera | ||
| 650 | 0 | 0 | |a Historia de la educación |9 257642 |
| 650 | 0 | 0 | |a Investigación educacional |9 261192 |
| 650 | 0 | 0 | |a Congresos |9 257560 |
| 942 | |c BK | ||
| 945 | |a dcastane |d 20111229 00:00:00 | ||
| 546 | |a En Español | ||
| 536 | |a Pontificia Universidad Católica de Chile | ||
| 518 | |p Relatos para la educación en el bicentenario, 1, Santiago de Chile, agosto-septiembre 2010 | ||
| 999 | |c 384646 |d 384644 | ||
| 952 | |0 0 |1 0 |4 0 |6 370_196000000000000_REL_2011 |7 0 |8 A |9 507500 |a BIBEDU |b BIBEDU |d 2020-01-23 |i 4813715 |l 1 |m 1 |o 370.196 REL 2011 |p 4813715 |r 2024-05-16 |s 2024-04-19 |w 2020-01-23 |y BK |k EDU | ||